000 00621nam a2200193 a 4500
001 000032450
005 20240412074256.0
008 110718s1978 dr 000 j spa d
040 _aDO-SdBNP
_bspa
_cBNPHU
082 _aRD863.44
_bM313s
100 1 _aMarcallé Abreu, Roberto
_9862
245 1 0 _aSábado de sol después de las lluvias :
_brelatos /
_cRoberto Marcallé Abreu.
260 _aSanto Domingo :
_b[s.n],
_c1978.
300 _a1934 p. ;
_c19 cm.
590 _aInventariado, 2020 /LP
650 0 _aCuentos dominicanos
_9176
650 0 _aLiteratura dominicana.
_967
910 _aValidado. Control de calidad MFF
999 _c31941
_d31941